Statistics for Provinces of Papua New Guinea Map Quiz

Click here to take the quiz!

General Stats

  • This quiz has been taken 155 times
  • The average score is 10 of 20

Answers on the Map

Answers color-coded by a green-red scale on the quiz's map according to % correct below.
Loading ...
utf-8utf-8utf-8utf-8utf-8utf-8utf-8utf-8utf-8utf-8utf-8utf-8utf-8utf-8utf-8utf-8utf-8utf-8utf-8utf-8utf-8utf-8utf-8utf-8utf-8utf-8utf-8utf-8utf-8utf-8utf-8utf-8utf-8utf-8utf-8utf-8utf-8utf-8utf-8utf-8utf-8utf-8utf-8utf-8
 

Answer Stats

Countries % Correct
National Capital District
79%
Bougainville
75%
New Ireland
71%
Western
64%
Central
59%
East New Britain
59%
West New Britain
58%
East Sepik
53%
Oro
52%
Eastern Highlands
48%
Southern Highlands
47%
Morobe
47%
Manus
47%
Madang
45%
Sandaun
45%
Milne Bay
42%
Western Highlands
42%
Gulf
38%
Simbu
33%
Enga
33%

Score Distribution

Percentile by Number Answered

Percent of People with Each Score

Your Score History

You have not taken this quiz